Catálogo
 En Linea
Vista normal Vista MARC

Entrada Nombre de reunión

Número de registros utilizados en: 2

001 - NÚMERO DE CONTROL

  • campo de control: 41284

003 - IDENTIFICADOR DEL NÚMERO DE CONTROL

  • campo de control: OSt

005 - FECHA Y HORA DE LA ÚLTIMA TRANSACCIÓN

  • campo de control: 20200615033817.0

008 - DATOS DE LONGITUD FIJA

  • campo de control de longitud fija: 200615|| aca||aabn | a|a d

040 ## - FUENTE DE LA CATALOGACIÓN

  • Centro catalogador/agencia de origen: OSt
  • Centro/agencia transcriptor: OSt

111 ## - ENCABEZAMIENTO--NOMBRE DE CONGRESO/REUNIÓN

  • Nombre de congreso/reunión o jurisdicción como elemento de entrada: Mesa Redonda Colombiana sobre Recursos Naturales,
  • Número del congreso/reunión o número de parte o sección: 1st,
  • Sede del congreso/Lugar de la reunión: Bogota,
  • Fecha del congreso/reunión: 1971

670 ## - FUENTE DE DATOS ENCONTRADOS

  • Cita de la fuente: Work cat.: (OSt)18697: Mesa Redonda Colombiana sobre Recursos Naturales, 1st, Bogota, 1971., V Mesa Redonda Panamericana y I Colombiana sobre Recursos Naturales, Bogota, mayo 1971 :, 1974.

Con tecnología Koha